000 00438nam a2200169 a 4500
001 346
003 CO-ViMGA
008 141112s2004 ck r 000 u spa d
020 _a972401170
040 _aCO-ViMGA
_bspa
_cCO-ViMGA
082 0 4 _aCUEa
245 1 0 _aCuentos de animales fantásticos para niños
260 _aSantafé de Bogotá :
_bNorma,
_c1995
300 _a107 p : il
650 1 4 _aCUENTOS INFANTILES
_9487
942 _2ddc
_cBK
999 _c10494
_d10494